| 000 | 00721nam a22001937a 4500 | ||
|---|---|---|---|
| 999 |
_c182879 _d182879 |
||
| 005 | 20211208162352.0 | ||
| 010 | _aUR-11360 | ||
| 020 |
_c400.00 _a9788182239487 |
||
| 035 | _aU-9915 | ||
| 037 | _bDBAD/PUB | ||
| 082 | _a840.10 | ||
| 100 | _aمسز عسکر ی صفد ر | ||
| 245 |
_aد کنی ا د ب کے محققين و محسنين(ا بتد اء تا حا ل) _cمسز عسکر ی صفد ر |
||
| 246 |
_aDakni Adab Ke Muhaqaqeen Wa Muhsaneen(Ibtada Ta Haal) (Urdu) _bby Askari Safdar |
||
| 260 |
_aN.Delhi _c2011 ء _bEducational Publishing House |
||
| 270 |
_aD1/16,Ansari Road,Darya Ganj, _bNew Delhi _e110002 _l - |
||
| 300 |
_a440 ص _c22 Cm(Hb) |
||
| 942 |
_2ddc _cUR _h840.10 _mع س ک |
||